000 00777nam a2200241Ia 4500
003 OSt
005 20220923224300.0
006 a|||||r|||| 00| 0
007 ta
008 220922b |||||||| |||| 00| 0 hin d
024 _a230,525
037 _cTextual
040 _aARTS
_cARTS
_bhin
041 _2hin
_ahin
082 _aO152,3N24x, P5
100 _aपरसाई, हरिशंकर
_9156279
245 0 _aठिठुरता हुआ गणतंत्र
246 _aṬhiṭhuratā huā gaṇatantra
260 _aनई दिल्ली
_b नेशनल पेपरबैक्स
_c2005
300 _a115पृ.
_ccm.
942 _hO152,3N24x, P5
_cTEXL
_2CC
999 _c370375
_d370375